Откъде идват нещата около нас? (Запис номер 28173)
[ съкратено ]
| 000 -Лидер | |
|---|---|
| Контролно поле с фиксирана дължина | 02336nam a2200409 c 4500 |
| 003 - Код на организацията, давaща контролен номер | |
| Контролно поле | BLK |
| 005 - Дата и час на последна редакция | |
| Контролно поле | 20180420220215.0 |
| 008 - Елементи от данни с фиксирана дължина | |
| fixed length control field | 180407b bul|||||r ||||||| ||bul|| |
| 010 ## - Наследен системен номер | |
| LC control number | KNG00030765000 |
| 040 ## - Източник на каталожния запис | |
| Идентификатор на билиотеката - собственик на записа | BLK |
| 041 ## - Код за език | |
| Код за езика на текст/звукозапис или на отделно заглавие | Български |
| Код за езика КДБФ | Български |
| 080 ## - УДК | |
| Текстов определител УДК | Хранителна и консервна промишленост |
| УДК код - определител по УДК | 664 |
| УДК определител | |
| УДК - код + определител | 664 |
| 080 ## - УДК | |
| Текстов определител УДК | Различни производства (промишлености) и занаяти. Лека промишленост |
| УДК код - определител по УДК | 67/68 |
| УДК определител | |
| УДК - код + определител | 67/68 |
| 080 ## - УДК | |
| Текстов определител УДК | Строителство. Строителни материали. Строително-монтажни работи |
| УДК код - определител по УДК | 69 |
| УДК определител | |
| УДК - код + определител | 69 |
| 080 ## - УДК | |
| Текстов определител УДК | Издания за деца и юноши. Книжки-картинки. Читанки. Вж и 372.4 |
| УДК код - определител по УДК | 087.5 |
| УДК определител | |
| УДК - код + определител | 087.5 |
| 100 1# - Редна дума - Автор | |
| Автор | Кук, Джанет |
| Авторска отговорност | първи автор |
| R(LIN) | 249301 |
| 139 ## - Редно поле | |
| Редна дума | Откъде идват нещата около нас? |
| Авторски знак | Оти - О 91 |
| 245 10 - Сведения за заглавието | |
| Заглавие | Откъде идват нещата около нас? |
| Редно поле (дума) | Джанет Кук; ил. Тери Гауър; * Шърли Бонд; * Фелисити Брукс; * Хелън Едъм. |
| 260 ## - Област на издателските данни | |
| -- | София |
| Име на издателя, разпространителя и проч. | Фют |
| Година на издаване | 2000 |
| 300 ## - Физическа характеристика | |
| Страници | 72 с. |
| Илюстрации и др. | с ил. |
| Размери/Мащаб | 20 см |
| 380 ## - Жанр | |
| Жанр | Детска отраслова лит. |
| 490 1# - СЕРИИ (Колекции) | |
| Име на серия | Искам да знам |
| 500 ## - Общи забележки | |
| Забележка | Ориг. загл. Where Things Come from? - Други авт.: Ш. Бонд, Ф. Брукс, Х. Едъм ; Други ил.: Г. Смит, К. Лайън. - Офс. изд. Съдържа: Откъде идва храната? / Джанет Кук, Шърли Бонд ; Ил. Тери Гауър, Гай Смит. Как се правят нещата? / Фелисити Брукс ; Ил. Гай Смит, Тери Гауър. Как и какво строят хората? / Хелън Едъм ; Ил. Гай Смит, Тери Гауър, Крис Лайън. |
| 653 ## - Ключова дума – ненормативна | |
| Ключова дума | книги-игри |
| 653 ## - Ключова дума – ненормативна | |
| Ключова дума | готварство |
| 653 ## - Ключова дума – ненормативна | |
| Ключова дума | строителство |
| 653 ## - Ключова дума – ненормативна | |
| Ключова дума | изобретения |
| 700 1# - Други автори (авторска отговорност) | |
| Лично име | Гауър, Тери |
| Автороска отговорност (Описва отношението между автора и произведението) | ил. |
| 9 (RLIN) | 51548 |
| 700 1# - Други автори (авторска отговорност) | |
| Лично име | Бонд, Шърли |
| Автороска отговорност (Описва отношението между автора и произведението) | * |
| 9 (RLIN) | 269629 |
| 700 1# - Други автори (авторска отговорност) | |
| Лично име | Брукс, Фелисити |
| Автороска отговорност (Описва отношението между автора и произведението) | * |
| 9 (RLIN) | 269630 |
| 700 1# - Други автори (авторска отговорност) | |
| Лично име | Едъм, Хелън |
| Автороска отговорност (Описва отношението между автора и произведението) | * |
| 9 (RLIN) | 66761 |
| 852 ## - Местоположение | |
| Форматна сигнатура | Цб 196185 |
| 856 4# - Електронен адрес и достъп | |
| Електронен формат | pdf - файл |
| Път до файла /url/ | |
| 856 4# - Електронен адрес и достъп | |
| Електронен формат | pdf - файл |
| Път до файла /url/ | |
| 942 ## - АРТИКУЛИ | |
| Вид на библиотечния материал | Книги |
| Скрит в OPAC | Не |
| 944 ## - СЪЗДАВАНЕ И РЕДАКЦИЯ на ЗАПИСА | |
| Създаване/Редакция | Създаване |
| Дата на регистрацията/редакция | 15.01.2003 |
| Служител, извършил регистрацията/редакцията | Кети_Илиева |
| 944 ## - СЪЗДАВАНЕ И РЕДАКЦИЯ на ЗАПИСА | |
| Създаване/Редакция | Редакция |
| Дата на регистрацията/редакция | 10.08.2015 |
| Служител, извършил регистрацията/редакцията | Кети_Илиева |
| 999 ## - СИСТЕМНИ КОНТРОЛНИ НОМЕРА | |
| Koha biblionumber | 28173 |
| Koha biblioitemnumber | 28173 |
| Код за отписване | Код за изгубен артикул | Източник на класификационната схема | Код за повреда | Коз за рестрикции | Код за отдаване | Артикулен № | Име на библиотеката - собственик | Име на библиотеката, в която се намира в момента | Статус (Текущо местоположение) | Дата на вписване в системата | Местоположение - отдел | Цена в лева | Инвентарен номер | Систематично азбучна сигнатура | Баркод | Номер на екземпляра | Цена в евро | Служебен тип на артикула | Служебна бележка |
|---|---|---|---|---|---|---|---|---|---|---|---|---|---|---|---|---|---|---|---|
| Изтеглен | Не е изгубен | Universal Decimal Classification | Не е повреден | без рестрикции | заемане за дома | 45337 | Регионална библиотека "Любен Каравелов" Русе | Регионална библиотека "Любен Каравелов" Русе | Детски отдел | 2001-01-01 | Детски отдел | 5.50 | 653616 | ДН 66/О 91 | 653616 | 1 | 2.81 | Книги | |
| Не е изгубен | Universal Decimal Classification | Не е повреден | без рестрикции | ползва се в читалня | 45338 | Регионална библиотека "Любен Каравелов" Русе | Регионална библиотека "Любен Каравелов" Русе | Хранилище | 2000-01-01 | Хранилище | 5.50 | 654798 | Цб 196185 | 120000654798 | 2 | 2.81 | Книги | Вид: Сф Дата: 01.01.2000 |